judicial

Tratado de la prueba electronica II (Registro nro. 6515)

Detalles MARC
000 -LEADER
fixed length control field 01730nam a22005537a 4500
003 - CONTROL NUMBER IDENTIFIER
control field OSt
005 - DATE AND TIME OF LATEST TRANSACTION
control field 20260401113832.0
007 - PHYSICAL DESCRIPTION FIXED FIELD--GENERAL INFORMATION
fixed length control field ta
008 - FIXED-LENGTH DATA ELEMENTS--GENERAL INFORMATION
fixed length control field 260401s2025 ag ||||| |||| 00| 0 spa d
020 ## - INTERNATIONAL STANDARD BOOK NUMBER
International Standard Book Number 9789870349754
040 ## - CATALOGING SOURCE
Transcribing agency cj catamarca
082 ## - DEWEY DECIMAL CLASSIFICATION NUMBER
Classification number 34:62 B587t II
100 10 - MAIN ENTRY--PERSONAL NAME
9 (RLIN) 303
Personal name Bielli, Gaston Enrique
245 10 - TITLE STATEMENT
Title Tratado de la prueba electronica II
250 ## - EDITION STATEMENT
Edition statement 2º ed.
260 ## - PUBLICATION, DISTRIBUTION, ETC.
Place of publication, distribution, etc. CABA:
Name of publisher, distributor, etc. La Ley,
Date of publication, distribution, etc. 2025
300 ## - PHYSICAL DESCRIPTION
Extent V.2, 784 p.
Dimensions 24 cm
500 ## - GENERAL NOTE
General note INVENTARIO Nº 8135
650 #7 - SUBJECT ADDED ENTRY--TOPICAL TERM
Source of heading or term SAIJ
653 ## - INDEX TERM--UNCONTROLLED
Uncontrolled term DERECHO INFORMATICO
653 ## - INDEX TERM--UNCONTROLLED
Uncontrolled term PRUEBA ELECTRONICA
653 ## - INDEX TERM--UNCONTROLLED
Uncontrolled term PRUEBA-CCYC
653 ## - INDEX TERM--UNCONTROLLED
Uncontrolled term PRUEBA-TERCEROS DE CONFIANZA
653 ## - INDEX TERM--UNCONTROLLED
Uncontrolled term PRUEBA ELECTRONICA-ACTA NOTARIAL
653 ## - INDEX TERM--UNCONTROLLED
Uncontrolled term PRUEBA ELECTRONICA-NOTARIO
653 ## - INDEX TERM--UNCONTROLLED
Uncontrolled term PRUEBA-RELEVANCIA
653 ## - INDEX TERM--UNCONTROLLED
Uncontrolled term PERICIAS INFORMATICAS
653 ## - INDEX TERM--UNCONTROLLED
Uncontrolled term PRUEBA ELECTRONICA-PROCESO CIVIL Y COMERCIAL
653 ## - INDEX TERM--UNCONTROLLED
Uncontrolled term PRUEBA ELECTRONICA-PRINCIPIOS PROBATORIOS
653 ## - INDEX TERM--UNCONTROLLED
Uncontrolled term TECNOACTIVISMO
653 ## - INDEX TERM--UNCONTROLLED
Uncontrolled term PRUEBA ELECTRONICA-VALORACION
653 ## - INDEX TERM--UNCONTROLLED
Uncontrolled term MEDIOS DE PRUEBA
653 ## - INDEX TERM--UNCONTROLLED
Uncontrolled term DOCUMENTOS ELECTRONICOS
653 ## - INDEX TERM--UNCONTROLLED
Uncontrolled term PRUEBA INFORMATIVA
653 ## - INDEX TERM--UNCONTROLLED
Uncontrolled term EVIDENCIA DIGITAL
653 ## - INDEX TERM--UNCONTROLLED
Uncontrolled term RECONOCIMIENTO JUDICIAL
653 ## - INDEX TERM--UNCONTROLLED
Uncontrolled term DECLARACION DE PARTE
653 ## - INDEX TERM--UNCONTROLLED
Uncontrolled term TESTIMONIAL
653 ## - INDEX TERM--UNCONTROLLED
Uncontrolled term PRUEBA PERICIAL
653 ## - INDEX TERM--UNCONTROLLED
Uncontrolled term ESTRATEGIA PROCESAL
653 ## - INDEX TERM--UNCONTROLLED
Uncontrolled term PROTOCOLO-CUSTODIA-EVIDENCIA
653 ## - INDEX TERM--UNCONTROLLED
Uncontrolled term PRUEBA ELECTRONICA ANTICIPADA
653 ## - INDEX TERM--UNCONTROLLED
Uncontrolled term RECONOCIMIENTO-DESCONOCIMIENTO-IMPUGNACION
653 ## - INDEX TERM--UNCONTROLLED
Uncontrolled term CARGA PROBATORIA
700 10 - ADDED ENTRY--PERSONAL NAME
9 (RLIN) 304
Personal name Ordoñez, Carlos J.
Relator term dir.
700 #0 - ADDED ENTRY--PERSONAL NAME
9 (RLIN) 28
Personal name Quadri, Gabriel Hernan
Relator term dir.
856 ## - ELECTRONIC LOCATION AND ACCESS
Uniform Resource Identifier <a href="https://drive.google.com/file/d/18P_gfCzsOmISakkymlz4L0iJ0-qHstKm/view?usp=sharing">https://drive.google.com/file/d/18P_gfCzsOmISakkymlz4L0iJ0-qHstKm/view?usp=sharing</a>
942 ## - ADDED ENTRY ELEMENTS (KOHA)
Source of classification or shelving scheme Dewey Decimal Classification
Koha item type Book
Suppress in OPAC No
Existencias
Withdrawn status Lost status Source of classification or shelving scheme Damaged status Not for loan Home library Current library Date acquired Source of acquisition Total Checkouts Full call number Barcode Date last seen Price effective from Koha item type
    Dewey Decimal Classification     PJCB PJCB 04/01/2026 Compra   34:62 B587t II 8135 04/01/2026 04/01/2026 Book
-->
  •  poder judicial

    Con tecnología Koha